The Legend of Zelda: Majora's Mask ‒ Items by Picture - Statistics

General Stats
  • This quiz has been taken 178 times
  • The average score is 33 of 50
Answer Stats
Picture Answer % Correct
Deku Nut
97%
Deku Mask
95%
Ocarina of Time
95%
Bomb
87%
Arrows
83%
Empty Bottle
83%
Goron Mask
82%
Great Fairy Mask
82%
Deku Stick
81%
Fire Arrow
81%
Ice Arrow
81%
Hookshot
79%
Zora Mask
79%
Bombchu
78%
Stone Mask
77%
Light Arrow
75%
Mask of Truth
74%
Mirror Shield
74%
Kokiri Sword
73%
Lens of Truth
72%
Bunny Hood
70%
Magic Bean
70%
Giant's Mask
68%
Hero's Bow
67%
Great Fairy's Sword
64%
Gibdo Mask
63%
Fierce Deity's Mask
61%
Pictograph Box
60%
All-Night Mask
59%
Postman's Hat
59%
Razor Sword
59%
Gilded Sword
57%
Hero's Shield
57%
Kafei's Mask
56%
Keaton Mask
56%
Powder Keg
55%
Bremen Mask
52%
Couple's Mask
52%
Mask of Scents
52%
Blast Mask
51%
Goht's Remains
51%
Don Gero's Mask
50%
Romani's Mask
50%
Captain's Hat
44%
Odolwa's Remains
44%
Circus Leader's Mask
43%
Gyorg's Remains
43%
Twinmold's Remains
42%
Garo's Mask
41%
Kamaro's Mask
36%
No matching quizzes found
Score Distribution
Percent of People with Each Score
Percentile by Number Answered
Your Score History
You have not taken this quiz